000 00899nam a2200217Ia 4500
003 Ost
005 20260507075022.0
008 260507s9999||||xx |||||||||||||| ||und||
040 _cfsecg
041 _aara
082 _a330
100 _aالمنصور، كاسر نصر
_eمؤلف
245 0 _aنظرية القرارات الإدارية :
_bمفاهيم وطرائق كمية /
_c كاسر نصر المنصور
260 _aعمان:
_bدار ومكتبة حامد,
_c1999
300 _a342 صفحة؛
_bإيضاحات ؛
_c24 سم
520 _aمدخل سلوكي في إتخاذ القرارات- الأسس الكمية لإتخاذ القرارات- البرمجة الخطية- التحليل الشبكي- نظرية المبارايات
653 _aاتخاذ القرارات
653 _aالإدارة
653 _aالقرارات الإدارية
942 _cكتاب
999 _c42283
_d42283